Movies Quiz

Random Movies or Quote Quiz

Movie Quote Fill-in-the-Blanks Quiz Stats

 Plays Quiz not verified by Sporcle

Score 0/10 Timer 03:00
0 Plays Today
Quote Missing Word % Correct
'Life _____ pretty fast. If you don't stop and look around once in a while, you could miss it.'moves
86.6%
'Come on up here pretty boy....not you fat _____ slide it on back'Jesus
37.9%
'Wipe that ____ off your head bitch'face
19.2%
'You're ______ and I hate you'tacky
16.5%
'One name? who are you? ____?Seal
12.9%
'I am Jack's ________ revenge.'smirking
10.7%
'Do you think I'd speak for you? I don't even know your ________'language
7.1%
'Be seein' ya' 'Yup, hopefully not ____________'sporadically
6.3%
'Famous for your mud? How's your __________________'Chinese food
4.9%
'I can't hear you Samantha...I can't hear you. Oh! _________'lightbulb
2.2%

You're not logged in!

Compare scores with friends on all Sporcle quizzes.
OR
Log In

Show Comments

Extras

Top Quizzes Today


Score Distribution

Your Account Isn't Verified!

In order to create a playlist on Sporcle, you need to verify the email address you used during registration. Go to your Sporcle Settings to finish the process.

Report this User

Report this user for behavior that violates our Community Guidelines.

Details: